000 00392nam a2200133Ia 4500
008 100328s9999 xx 000 0 und d
082 _b28039
100 _aगडकर रेचल
245 _aबायानो सावाान
260 _bत्रिदल
630 _aबायानो सावाान
730 _aबायानो सावाान
942 _cBOOK
999 _c519655
_d519652